000 00948nam a2200277 a 4500
003 MX-MxUPN
005 20260221063944.0
008 991125s1926 sp fr 000 0 spa d
035 _aUPN01000056431
040 _aMX-MxUPN
_bspa
_cMX-MxUPN
041 _aspa
050 1 4 _aLC1021 C5
_bD48
100 1 _aDewey, John,
_d1859-1952
_928071
245 1 0 _aTeorías sobre la educación :
_bdemocracia y educación
260 _aMadrid :
_bEdiciones de la Lectura,
_c1926.
300 _a213 páginas
490 0 _aCiencia y educación. Contemporánea ;
_v19
650 4 _aDemocracia
_96020
650 4 _aEducación
_xFilosofía
_94994
650 0 _aEducación clásica
_916408
710 2 _951335
_aMuseo Pedagógico Nacional (México)
_epropietario anterior
710 1 _951349
_aMéxico.
_bSecretaría de Educación Pública.
_bBiblioteca Pública
_epropietario anterior
902 _bMaríaRobles/170524
905 _aLibro
942 _2lcc
_cLIBRO
_n0
999 _c56431
_d56431